00879nam a2200193 i 450000100060000000300090000600500170001500700030003200800410003510000400007624501780011626000290029430000210032350000720034459400430041685200810045999900170054095201280055737530ES-MaACL20250720063042.0t|030317s1844 sp |||| | spa d1 aColmeiro, Miguel,d1816-190193977110aNoticia de las materias relativas a ciencias médicas, que ocuparon al Quinto Congreso Científico Italiano, reunido en Lucca en setiembre de 1843 / cpor Miguel Colmeiro. a[S.l. : bs.n., c1844?] a25 p. ; c20 cm. aDiscurso publicado en el Rep. méd. de Barcelona de enero de 1844. aDatos tomados del principio del texto. aES-MaACLjC-12063(6) z- Encuadernado con otras obras q- Ejemp. sin portada c37530d37530 001040708LIBXIXaATENEOMbATENEOMcSPALd2008-01-17eSCl0oC-12063(6)p1039504r2023-02-23 00:00:00w2023-02-23yMONANT